Statistics for Draw and Guess the Molecule by Guessing Elements

Click here to take the quiz!

General Stats

  • This quiz has been taken 326 times
  • The average score is 9 of 11

Answers on the Map

Answers color-coded by a green-red scale on the quiz's map according to % correct below.
 

Answer Stats

SymbolElement% Correct
ElementLiLithium
98%
ElementBeBeryllium
93%
ElementKPotassium
90%
ElementNeNeon
88%
ElementAgSilver
88%
ElementNiNickel
84%
ElementCsCaesium
83%
ElementMnManganese
80%
ElementPoPolonium
80%
ElementHgMercury
79%
MoleculeEthanol
34%

Score Distribution

Percentile by Number Answered

Percent of People with Each Score

Your Score History

You have not taken this quiz